A szabadságvesztés-büntetés kiszabásának és végrehajtásának elvi kérdései

Elmentve itt :
Bibliográfiai részletek
Szerző: Csányi Ferenc
További közreműködők: nincs megadva (Témavezető)
Dokumentumtípus: Szakdolgozat
Megjelent: 1970
Tárgyszavak:
Online Access:http://diploma.bibl.u-szeged.hu/18130
LEADER 00593nta a2200157 i 4500
001 dipl18130
005 20130314074558.0
008 111215s1970 hu om 0|| zxx d
040 |a SZTE Diploma Repozitórium  |b hun 
041 |a zxx 
100 1 |a Csányi Ferenc 
245 1 2 |a A szabadságvesztés-büntetés kiszabásának és végrehajtásának elvi kérdései  |h [elektronikus dokumentum] /  |c Ferenc Csányi 
260 |c 1970 
650 4 |a Jogi és igazgatási tanulmányok 
700 1 |a nincs megadva  |e ths 
856 4 0 |u http://diploma.bibl.u-szeged.hu/id/eprint/18130/1/1970_csanyi_ferenc.pdf  |z Dokumentum-elérés